Пересопницьке Євангеліє від Матвія (Record no. 463287)
[ view plain ]
| 000 -Лідер | |
|---|---|
| fixed length control field | 01756 a2200253 4500 |
| 003 - Ідентифікатор контрольного номера | |
| control field | UA-OsUOA |
| 005 - Дата та час останнього входження (трансакції) | |
| control field | 20220502111119.0 |
| 008 - Елементи даних фіксованої довжини – загальна інформація | |
| fixed length control field | 200914b un ||||| |||| 00| 0 ukr d |
| 020 ## - Міжнародний стандартний книжковий номер (ISBN) | |
| Міжнародний стандартний книжковий номер (ISBN) (НП) | 9789662347265 |
| 040 ## - Джерело каталогізації | |
| Агенція оригінальної каталогізації | UA-OsUOA |
| Мова каталогізації | ukr |
| Агенція, яка здійснювала перезапис | UA-OsUOA |
| Агенція, яка здійснювала модифікацію | UA-OsUOA |
| 041 ## - Код мови | |
| Код мови тексту/ звукової доріжки чи окремого заголовка (П) | ukr |
| 080 ## - Індекс Універсальної десяткової класифікації | |
| Індекс Універсальної десяткової класифікації (УДК) (НП) | 226.2 |
| 090 ## - Локальний шифр розміщення | |
| Класифікаційний індекс УДК | 226.2 |
| Авторський знак (НП) | П27 |
| 245 ## - Відомості про назву | |
| Назва (НП) | Пересопницьке Євангеліє від Матвія |
| Дані про відповідальність (НП) | уклад. Микола Федоришин |
| 260 ## - Публікація, розповсюдження і т.п. (Вихідні дані) | |
| Ім’я/ наймення видавництва, розповсюджувача і т.п. (П) | Харват Олександр Миколайович |
| Дата публікації, розповсюдження і т.п. (П) | 2017 |
| Місце публікації, розповсюдження і т.п. (П) | Пересопниця |
| 300 ## - Фізичний опис | |
| Обсяг | 220 с. |
| 500 ## - Загальна примітка | |
| Загальна примітка | Реформації 500 років присвячується |
| 520 ## - Резюме і т.п. | |
| Резюме, реферат, анотація, тощо (НП) | У книзі відтворене Євангеліє від Матвія з Пересопницького Євангелія, визначної пам'ятки національного Ренесансу та Європейської Реформації. Рукопис створений архімадритом Пересопницького монастиря Григорієм, писарем Михайлом Васильовичем та його учнем у Заславському та Пересопницькому монастирях (1556-1561 рр.) з ініціативи княгині Анастасії Заславської. <br/>Одним із першим перекладів Євангелія із староболгарської на руську (староукраїнську) мову. |
| 650 ## - Додаткове предметне введення – тематичний термін | |
| Джерело заголовка чи терміна | UDC |
| Тематичний термін чи географічна назва, як елемент введення (НП) | 226 Частина Біблії |
| 700 1# - Додаткове введення – ім'я особи | |
| Ім’я особи (НП) | Федоришин М. |
| Термін відношення | уклад. |
| 942 ## - Додаткові елементи входу (Коха) | |
| Тип елемента Koha | Books |
| Source of classification or shelving scheme | Universal Decimal Classification |
| 955 ## - Код типу видання за змістом | |
| Код типу видання за змістом (НП) | Наукові видання |
| Стан вилучень | Стан втрат | Джерело класифікації або схеми стелажів | Стан уражень | Не для кредиту | Постійне місце розташування | Поточне розміщення | Дата придбання | Джерело придбання | Вартість, звичайна ціна покупки | Усього замовленно | Повний номер виклику | Штрих-код | Дата останнього перегляду | Вартість, ціна заміни | Ціна ефективна від | Тип елемента Koha |
|---|---|---|---|---|---|---|---|---|---|---|---|---|---|---|---|---|
| Universal Decimal Classification | ЧЗ - Читальна зала | ЧЗ - Читальна зала | 14/09/2020 | №16/09.09.20 | 100.00 | 226.2 П27 | 162867 | 29/09/2021 | 100.00 | 14/09/2020 | Books |